000
00283nam a2200121Ia 4500
008
190216s9999||||xx |||||||||||||| ||und||
100
_a
Nair K S
245
0
_a
Soviet Kavitha
260
_b
Janatha Printing And Publishing
_c
1967
300
_a
71p
650
_a
Kavithkal
942
_c
BK
999
_c
24631
_d
24631